000 00735nam a2200217 i 4500
001 32529
003 ES-MaACL
005 20250829132030.0
007 t|
008 030131s1965 sp ||||1| spa d
100 1 _aBerghoff, Stephan.
_928021
245 1 3 _aLa felicidad de la mujer en el matrimonio para esposas y madres /
_cEsteban Berhoff (sic.) ; traducción del alemán por M.M. Muñoz Jiménez-Millas.
260 _aMadrid :
_bStudium,
_c1965.
300 _a174 p. ;
_c20 cm.
490 1 _aHogar y pedagogía ;
_v56
650 0 7 _aMatrimonio
_2embne
_914855
700 1 _aMuñoz Jiménez-Millás, M. M.
_984439
830 1 0 _aHogar y pedagogía
_v56
_9181444
852 _aES-MaACL
_jC-28537
999 _c32529
_d32529